Guess the animes - Statistics

General Stats
  • This quiz has been taken 48 times
  • The average score is 9 of 17
Answer Stats
Hint Answer % Correct
Ninja Naruto
95%
Longest Anime ever One Piece
91%
Volleyball Haikyu
89%
Bald man One-Punchman
86%
Virtual online Sword Art Online
82%
Book Death note
66%
Chick lives in a box Demon Slayer
59%
Wizard Black Clover
52%
Goul Tokyo Goul
52%
animals Beastars
45%
Best Fights Dragon Ball Z
45%
Fidget Spinner Attack on Titan
32%
Best School Ever High School DxD
27%
Demon King 7 Deadly Sins
16%
Monster Fights Pokemon
16%
Comet Your Name
14%
School of power My hero acedamia
2%
No matching quizzes found
Score Distribution
Percent of People with Each Score
Percentile by Number Answered
Your Score History
You have not taken this quiz